O'Hare International Flights Quiz Stats

Quiz not verified by Sporcle

Challenge
Share
Tweet
Embed
Score 0/57 Timer 10:00
0 Plays Today
Airline City % Correct
AA, UA, VSLondon (Heathrow)
97.6%
AC, AA, UAToronto (Pearson)
96.8%
AF, AA, DL, UAParis (Charles de Gaulle)
95.7%
AM, AA, UAMexico City
95.1%
NH, AA, JL, UATokyo (Narita)
94.9%
UA, WSVancouver
93.8%
AC, AA, UAMontreal (Trudeau)
93.4%
IBMadrid
90.9%
EI, AADublin
90.7%
AZ, AARome (Fiumicino)
89.7%
AA, UABeijing (Capital)
88.2%
KL, UAAmsterdam
85.7%
LH, UAFrankfurt
85.2%
UA, WSCalgary
83.6%
CXHong Kong
81.8%
LH, UAMunich
81.6%
OZ, KESeoul (Incheon)
81.1%
AM, AA, F9, UACancun
79.2%
SKStockholm
78.4%
UAEdmonton
78.4%
UAOttawa
78%
AAManchester
76.3%
AA, UAShanghai (Pudong)
75.7%
TKIstanbul
74.7%
UABrussels
74.6%
SKCopenhagen
73.5%
UASao Paulo (Guarulhos)
73.2%
TAGuatemala City
71.3%
LXZurich
69.7%
Airline City % Correct
LOWarsaw
69.5%
UAWinnipeg
65%
CMPanama City
63.2%
AIDelhi
62.9%
UAHalifax
61.6%
AMGuadalajara
58.8%
AAHelsinki
57.1%
AMMonterrey
51.9%
LHDusseldorf
51%
EYAbu Dhabi
48.1%
UASaskatoon
48%
UARegina
45.7%
AA, F9, UAMontego Bay
43.4%
TASan Salvador
41.4%
AA, F9, UACabo San Lucas
40%
AA, F9, UAPuerto Vallarta
36%
F9, UAPunta Cana
35.3%
RJAmman
35.2%
UAAruba
33%
AA, UACozumel
28.2%
UASint Maarten
23.3%
AMDurango
21.5%
KXGrand Cayman
21%
UALiberia
17.6%
AIHyderabad
17.4%
AMLeon
14.6%
AMMorelia
4.9%
F9Huatulco
4.7%

You're not logged in!

Compare scores with friends on all Sporcle quizzes.
Sign Up with Email
OR
Log In

You Might Also Like...

Show Comments

Extras

Top Quizzes Today


Score Distribution

Your Account Isn't Verified!

In order to create a playlist on Sporcle, you need to verify the email address you used during registration. Go to your Sporcle Settings to finish the process.

Report this User

Report this user for behavior that violates our Community Guidelines.

Details: